| 000 | 00974nac a22002651i 4500 | ||
|---|---|---|---|
| 003 | EG-ScBUE | ||
| 005 | 20250218094932.0 | ||
| 008 | 250210r20042000ii a f 001 0 eng d | ||
| 040 |
_aEG-ScBUE _beng _erda _cEG-ScBUE _dEG-ScBUE |
||
| 082 | 0 | 4 |
_a526.9 _bKOC _222 |
| 100 | 1 |
_aKochher, C. L., _eauthor. |
|
| 245 | 1 | 2 |
_aA text book of surveying / _cby C. L. Kochher, Principal Mehar Chad Polytecnic Jalandhar City. |
| 250 | _aReprint edition. | ||
| 264 |
_aNew Delhi : _bDhanpat Rai Publishing Company (P) Ltd., _c2004. |
||
| 300 |
_a555 pages : _billustrations, tables ; _c24 cm |
||
| 336 |
_2rdacontent _atext _btxt |
||
| 337 |
_aunmediated _2rdamedia _bn |
||
| 338 |
_avolume _bnc _2rdacarrier |
||
| 500 | _aIncludes index. | ||
| 500 | _aIncludes appendix. | ||
| 500 | _aFor degree A.M.I.E section B, Diploma, surveyor classes other competitive examinations and practising engineers. | ||
| 650 | 7 |
_aSurveying. _2BUEsh |
|
| 655 | _vReading book | ||
| 942 |
_cBB _2ddc |
||
| 999 |
_c1345 _d1345 |
||